000
00263nam a2200109Ia 4500
001
588736
005
20250717120837.0
008
250717s9999 xx 000 0 und d
245
0
_a
Z-1 32 DİŞ
_c
İSMAİL BİLGİN
260
_b
ERDEM YAYINLARI
_c
2019
300
_b
77
999
_c
588736
_d
588736